Historia contemporánea de Europa (Record no. 75096)

MARC details
000 -LEADER
campo de control de longitud fija 00717nam a2200205 i 4500
001 - NÚMERO DE CONTROL
campo de control 75096
003 - IDENTIFICADOR DE NÚMERO DE CONTROL
campo de control ES-MaACL
005 - FECHA Y HORA DE LA ÚLTIMA TRANSACCIÓN
campo de control 20250801043713.0
007 - CAMPO FIJO DE DESCRIPCIÓN FÍSICA--INFORMACIÓN GENERAL
campo de control de longitud fija t|
008 - DATOS DE LONGITUD FIJA--INFORMACIÓN GENERAL
campo de control de longitud fija 040922s1942 mx |||| | spa d
100 1# - ENTRADA PRINCIPAL--NOMBRE DE PERSONA
Nombre de persona Gooch, George Peabody.
9 (RLIN) 59090
245 10 - MENCIÓN DEL TÍTULO
Título Historia contemporánea de Europa
Resto del título : 1878-1919 /
Mención de responsabilidad, etc. G.P. Gooch ; versión española de Ernestina de Champourcin.
250 ## - MENCION DE EDICION
Mención de edición 1ª ed. española.
260 ## - PUBLICACIÓN, DISTRIBUCIÓN, ETC.
Lugar de publicación, distribución, etc. México :
Nombre del editor, distribuidor, etc. Fondo de Cultura Económica,
Fecha de publicación, distribución, etc. 1942 (
Fabricante Artes Gráfs. Comerciales)
300 ## - DESCRIPCIÓN FÍSICA
Extensión 573 p. ;
Dimensiones 24 cm.
651 #4 - PUNTO DE ACCESO ADICIONAL DE MATERIA--NOMBRE GEOGRÁFICO
Nombre geográfico Europa-
Subdivisión general Historia-
Subdivisión cronológica 1871-1918.
9 (RLIN) 8607
700 1# - ENTRADA AGREGADA--NOMBRE PERSONAL
Nombre de persona Champourcin, Ernestina de,
Fechas asociadas al nombre 1905-1999
9 (RLIN) 37933
852 ## - LOCALIZACIÓN
Ubicación ES-MaACL
Número de control de estantería D-7279
Holdings
Estatus retirado Estado de pérdida Estado de daño No para préstamo Biblioteca de origen Biblioteca actual Ubicación en estantería Fecha de adquisición Fuente de adquisición Total de préstamos Signatura topográfica completa Código de barras Visto por última vez Precio de reemplazo Tipo de ítem Koha
        Biblioteca del Ateneo de Madrid Biblioteca del Ateneo de Madrid Sala Valle Inclán 17/01/2008     D-7279 901078602 23/02/2023 23/02/2023 Libro impreso